000 00977cab a2200301 4500
001 ABS52989
008 090401t1995 xxu||||| |||| 00| 0 eng d
035 _a(Sirsi) u1228
041 _aeng
100 _aAllen, W.
245 4 _aThe pathology of modern building
260 _c1995
350 _a0
490 _aBuilding Research and Information
_v23(3) May 1995, 139-146(8)
520 _aExamines why building defects still occur, despite possessing the technology to potentially avoid the problem. Argues that a pro-active and systematic approach is needed at all levels of the design process.
650 _aBUILDING DEFECTS
650 _aBUILDING PATHOLOGY
650 _aCLADDING
650 _aCONCRETE
650 _aCONDENSATION
650 _aCONSTRUCTION INDUSTRY
650 _aINFORMATION TRANSFER
650 _aTHERMAL INSULATION
650 _aTHERMAL PUMPING
690 _aBUILT ENVIRONMENT-BUILDING PATHOLOGY
942 _n0
948 _c04/03/1997
999 _c669
_d669